Eppu Normaali: Kuunnelluimmat kappaleet spotifyssä - Statistics

Yleistilastot
  • Tätä visaa on pelattu 116 kertaa
  • Keskiarvotulos 13 / 30
Vastaustilastot
Hint Vastaus % Oikein
13 100 000 Murheellisten laulujen maa
86%
11 200 000 Tahroja paperilla
86%
13 300 000 Vuonna '85
85%
7 100 000 Kitara taivas ja tähdet
65%
10 200 000 Vihreän joen rannalla
65%
10 900 000 Joka päivä ja joka ikinen yö
62%
5 000 000 Baarikärpänen
59%
5 600 000 Suolaista sadetta
59%
1 850 000 Suomi-ilmiö
54%
2 000 000 Afrikka sarvikuonojen maa
53%
3 500 000 Pimeyden tango
53%
1 200 000 Poliisi pamputtaa taas
49%
990 000 Akun tehdas
48%
3 800 000 Kun olet poissa
47%
4 500 000 Urheiluhullu
45%
2 600 000 Linnunradan laidalla
41%
850 000 Njet Njet
40%
4 200 000 Nyt reppuni jupiset riimisi rupiset
34%
1 800 000 Hipit rautaa
32%
1 700 000 Voi kuinka me sinua kaivataan
31%
2 400 000 Tahdon sut
28%
1 100 000 Puhtoinen lähiöni
27%
1 500 000 En saa mielestä sinua
25%
2 500 000 Näin kulutan aikaa
25%
930 000 Sadan vuoden päästäkin
24%
960 000 Hiljaa huomiseen
20%
1 550 000 Kaikki häipyy on vain nyt
20%
1 300 000 Lensin matalalla 2
20%
2 100 000 Haistakoon veen
15%
970 000 Valkoinen kupla
14%
Ehtoja vastaavia visoja ei löytynyt
Tulosjakauma
Jokaisen tuloksen saaneiden osuus
Persentiili vastausten määrän mukaan
Tuloshistoriasi
Et ole pelannut tätä visaa